| 000 | 00741nam a22002057a 4500 | ||
|---|---|---|---|
| 999 |
_c7885 _d7885 |
||
| 003 | AR-CdUCM | ||
| 008 | 190321b ||||| |||| 00| 0 spa d | ||
| 040 |
_aMUNICIPALIDAD PROVINCIAL DEL CUSCO _cBIBLIOTECA MUNICIPAL DEL CUSCO |
||
| 082 |
_a578 / _bM42 |
||
| 100 |
_aMendoza Muñoz, Yanet _922295 |
||
| 245 | _aEosinofilia y Parasitosis / | ||
| 260 |
_aCusco - Perú : _c2016. |
||
| 300 |
_a143 páginas ; _bIlustraciones, fotografías _c21cm |
||
| 505 | _aContenido: Los eosinófilos -- Papel del eosinófilo en las infecciones parasitarias -- Patología -- Revisión de la parasitación... | ||
| 650 |
_aParásitos _922296 |
||
| 650 |
_aInfecciones _922297 |
||
| 650 |
_aEosinófilos _922298 |
||
| 942 |
_2ddc _cLIBROS |
||
| 945 | _anom | ||